Central Library OPAC University of Rajshahi

Principles of genetics / (Record no. 72514)

MARC details
000 -LEADER
fixed length control field 00764nam a2200265 a 4500
001 - CONTROL NUMBER
control field 72514
003 - CONTROL NUMBER IDENTIFIER
rucl marc code BD-RjUL
005 - DATE AND TIME OF LATEST TRANSACTION
control field 20211209082254.0
008 - FIXED-LENGTH DATA ELEMENTS--GENERAL INFORMATION
fixed length control field 170520s2006 nyua b 001 0 eng d
020 ## - INTERNATIONAL STANDARD BOOK NUMBER
International Standard Book Number 9780471725978
International Standard Book Number 0471725978
035 ## - SYSTEM CONTROL NUMBER
System control number (BD-RjUL)72732
040 ## - CATALOGING SOURCE
Original cataloging agency DLC
Transcribing agency DLC
Modifying agency BD-RjUL
Language of cataloging eng
041 ## - LANGUAGE CODE
Language code of text/sound track or separate title eng
082 00 - DEWEY DECIMAL CLASSIFICATION NUMBER
Classification number 576.5
Edition number 23
Author mark and year SNP 2006
100 10 - MAIN ENTRY--PERSONAL NAME
Personal name Snustad, D. Peter
9 (RLIN) 205593
245 10 - TITLE STATEMENT
Title Principles of genetics /
Statement of responsibility, etc. D. Peter Snustad, Michael J. Simmons
250 ## - EDITION STATEMENT
Edition statement 4th ed.
260 ## - PUBLICATION, DISTRIBUTION, ETC. (IMPRINT)
Place of publication, distribution, etc. New York :
Name of publisher, distributor, etc. J. Wiley & Sons,
Date of publication, distribution, etc. c2006.
300 ## - PHYSICAL DESCRIPTION
Pagination xx, 792 p. :
Illustrations ill. ;
Size 29 cm.
504 ## - BIBLIOGRAPHY, ETC. NOTE
Bibliography, etc Includes bibliographical references and index.
650 #0 - SUBJECT ADDED ENTRY--TOPICAL TERM
Topical term or geographic name as entry element Genetics.
9 (RLIN) 36068
700 1# - ADDED ENTRY--PERSONAL NAME
Personal name Simmons, Michael J.
942 ## - ADDED ENTRY ELEMENTS (KOHA)
Source of classification or shelving scheme Dewey Decimal Classification
Koha item type Books
Holdings
Lost status Source of classification or shelving scheme Damaged status Not for loan Collection code Permanent Location Current Location Shelving location Date acquired Source of acquisition Cost, normal purchase price Total Checkouts Full call number Date last seen Copy number Koha item type
  Dewey Decimal Classification   Not For Loan Non-fiction Central Library, University of Rajshahi Central Library, University of Rajshahi Reading Room 19/04/2009 Dhaka,Paragon Enterprise 34.95   576.5 SNP 2006 20/05/2017 C-1 Books